Countries With The Largest Navy - Statistics

General Stats
  • This quiz has been taken 162 times
  • The average score is 10 of 15
Answer Stats
Number Of Naval Vessels Country % Correct
490 United States
99%
777 China
97%
603 Russia
97%
285 India
84%
234 South Korea
76%
984 North Korea
73%
282 Indonesia
71%
249 Italy
68%
189 Mexico
64%
398 Iran
61%
316 Egypt
53%
292 Thailand
52%
453 Colombia
29%
201 Algeria
25%
246 Finland
18%
No matching quizzes found
Score Distribution
Percent of People with Each Score
Percentile by Number Answered
Your Score History
You have not taken this quiz